Score 0/27 Timer 03:00
0 Plays Today
Person A Overlapping Name % Correct
WillieNelson
97.5%
LeBronJames
97.2%
GeorgeWinston
96.9%
MarvAlbert
96.7%
ClarenceThomas
96%
RayCharles
94.7%
BenjaminFranklin
94.6%
AgathaChristie
91.8%
LeeMarvin
85.2%
WoodyAllen
85.2%
GraceKelly
85%
MarcAnthony
85%
JohnGlenn
81.9%
JamesTaylor
80.1%
Person A Overlapping Name % Correct
LesPaul/Miles
78.1%
MartinLuther
71.6%
KirkDouglas
64.5%
MarthaStewart
63.5%
JoeLouis
57%
JeffGordon
49.9%
MichaelJackson
49.5%
LoniAnderson
44%
GeorgeHarrison
42.9%
DonnaSummer
41.6%
JamesDean
27.6%
ThomasJefferson
27.1%
TonyRandall
15.7%
Remove Ads.
Support Sporcle.
Get the best of Sporcle when you Go Orange. This ad-free experience offers more features, more stats, and more fun while also helping to support Sporcle. Thank you for becoming a member.

You're not logged in!

Compare scores with friends on all Sporcle quizzes.
OR
Log In

Show Comments

Extras

Top Quizzes Today


Score Distribution

Your Account Isn't Verified!

In order to create a playlist on Sporcle, you need to verify the email address you used during registration. Go to your Sporcle Settings to finish the process.

Report this User

Report this user for behavior that violates our Community Guidelines.

Details: